000 00457nam a22001817a 4500
005 20250422094349.0
008 160428b xxu||||| |||| 00| 0 eng d
020 _a81-7808-383-3
041 _aeng
082 _b00527
_a005.133
100 _aDEITELl. H.M. AND DEITEL, P.J.
_98632
245 _aC HOW RO PROGRAM, 3RD ED.
250 _a3RD ED.
260 _aNew Delhi
_bPearson Education,
_c2001
300 _a1253
650 _aCOMPUTER
_94872
942 _cBK
999 _c153
_d153